Knowledge Indonesia #2 - Statistics

General Stats
  • This quiz has been taken 26 times
  • The average score is 11 of 15
Answer Stats
Hint Answer % Correct
Indonesian flag colors Red and White
100%
A disaster in Aceh that happen in 2004 Tsunami
100%
A province that is very famous for its beaches Bali
95%
An animal that is the symbol of the country Garuda
86%
A legend about the queen of the southern sea named Nyi Roro Kidul
86%
The first president of this country Soekarno
86%
Folktale about Sangkuriang and Dayang Sumbi located in mountain ___ ___ Tangkuban Perahu
86%
Traditional dance originating from area above Kecak
73%
Mountain that located in Sleman,Yogyakarta Merapi
73%
The mountain above is located in Bandung
68%
Traditional vehicle in the form of a 3-wheeled bicycle with a seat in the front Becak
64%
Traditional performing arts using flat puppets Wayang
59%
Food that uses ground fish and flour that has a chewy texture Pempek
55%
The foundation of the Indonesian state Pancasila
50%
Province known for the icon "Siger" Lampung
23%
No matching quizzes found
Score Distribution
Percent of People with Each Score
Percentile by Number Answered
Your Score History
You have not taken this quiz